000 01492cam a22004574i 4500
003 PE-LiUPU
005 20250731173518.0
008 150616s1990 xxu r 000 0 eng d
020 _a0896932516
035 _a(Sirsi) i9780896932517
040 _aPE-LiUPU
_bspa
_cPE-LiUPU
_erda
049 _aPRUA
082 0 4 _a235.4
_bCh84
_221
100 1 _aChristenson, Evelyn,
_eautor.
245 1 0 _aBattling the prince of darkness.
264 1 _aWheaton, Illinois :
_bVictor Books,
_c1990.
300 _a192 páginas ;
_c20 centímetros
336 _atext
_2rdacontent
337 _aunmediated
_2rdamedia
338 _avolume
_2rdacarrier
505 0 _aThe two kingdoms -- Spiritual armor -- Spiritual warfare offensive praying -- Spiritual warfare defensive praying.
526 _aSEG42
526 _aSEG41
526 _aSEG40
526 _aSEG39
526 _aP94
526 _aP87
526 _aP86
526 _aP85
526 _aP77
526 _aP76
526 _aP35
650 0 4 _aDEMONIO.
910 _ajck
_bjvq
_cjck
942 _2ddc
_cBOOK
949 _a235.4 CH84
_wDEWEY
_c1
_i41821
_lCCODEBUL1
_mBUL
_r0
_sY
_tBOOK
_u2015-6-16
_xTEOLOGIA
_zUNKNOWN
_0COMPRA
_o.STAFF. Colección Teología
994 _aC0
_bPEPRU
596 _a1
999 _a235.4 CH84
_wDEWEY
_c59484
_i41821
_f2021-11-10
_g5
_lCCODEBUL1
_mBUL
_p33.00
_r0
_sY
_tBOOK
_u2015-6-16
_xTEOLOGIA
_PP35
_0COMPRA
_o.STAFF. Colección Teología
_d59484
980 _81
_gALBERTO SANCHEZ Responsable de Automatización